Normal view
MARC view
Entry Personal Name
001 - CONTROL NUMBER
- control field: 21025
003 - CONTROL NUMBER IDENTIFIER
- control field: ARRUPE
005 - DATE AND TIME OF LATEST TRANSACTION
- control field: 20151110092251.0
008 - FIXED-LENGTH DATA ELEMENTS
- fixed length control field: 151110|| aca||aabn | a|a d
040 ## - CATALOGING SOURCE
- Original cataloging agency: ARRUPE
- Transcribing agency: ARRUPE
100 ## - HEADING--PERSONAL NAME
- Personal name: Murray, John Courtney.
670 ## - SOURCE DATA FOUND
- Source citation: Work cat.: (ARRUPE)0: Ferguson, Thomas P., 1966- 21024, Catholic and American :, c1993.